00578 2200193 4500001002100000005001500021035002000036007000300056008004100059082001600100100001700116245004000133250001200173260006800185300003000253650006000283700002200343856001900365INLIS00000000000007720250710121447 a0010-0725000077ta250710 a 0 ind  a398.209 5980 aQuader,Suhel1 aEngkau Pelatuk itu? /cSuhel Quader apertama aJakarta Timur :bBadan Pengembangan dan Pembinaan Bahasa,c2022 a20hlm. :bilus. ;c22,9cm 4acerita anak indonesia terjemahan, literasi bahan bacaan0 aKalyani Ganapathy aTBM AS-SYUHADA